|
|
|
|
| LEADER |
00000cam a2200000 7i4500 |
| 001 |
0000003788 |
| 005 |
20151222.0 |
| 008 |
070720 |
| 020 |
|
|
|a 9838753688(siri)
|
| 020 |
|
|
|a 9838753785
|
| 090 |
0 |
0 |
|a JF
|b CT MAL (4642)
|
| 100 |
0 |
|
|a Wan Nan Wan Mahmud
|
| 245 |
1 |
0 |
|a Peristiwa yang menakjubkan
|c Wan Nan Wan Mahmud
|
| 260 |
|
|
|a Selangor :
|b Pustaka Mawar ,
|c 2004
|
| 440 |
|
|
|a Siri cerita klasik nirwana
|
| 500 |
|
|
|a Children ages 7-9 years old (orange)
|
| 650 |
|
0 |
|a Malay language
|x Readers
|x Fiction
|
| 999 |
|
|
|a 0000971282
|b Book
|c Children Collection
|e Perbadanan Perpustakaan Awam Johor
|
| 999 |
|
|
|a 0000971283
|b Book
|c Children Collection
|e Cawangan Kota Tinggi
|
| 999 |
|
|
|a 0000971284
|b Book
|c Children Collection
|e Perbadanan Perpustakaan Awam Johor
|
| 999 |
|
|
|a 0000971285
|b Book
|c Children Collection
|e Perbadanan Perpustakaan Awam Johor
|
| 999 |
|
|
|a 0000971286
|b Book
|c Children Collection
|e Perbadanan Perpustakaan Awam Johor
|